| 000 | 00831nam a2200193Ia 4500 | ||
|---|---|---|---|
| 999 |
_c35757 _d35757 |
||
| 001 | 1636 | ||
| 003 | GE_BSU | ||
| 005 | 20210215131607.0 | ||
| 008 | 181216s2008||||ge |||||||||||||| ||geo|| | ||
| 040 | _cGE_BSU | ||
| 041 | _ageo | ||
| 080 | _a624(072) ბ–33 | ||
| 100 |
_aბაღათურია, ფრიდონ _91163 |
||
| 245 |
_aრკინაბეტონისა და ქვის კონსტრუქციების გაძლიერება : _bმეთოდური სახელმძღვანელო / _cფრიდონ, ბაღათურია. |
||
| 264 |
_aბათუმი: _bბსუ, _c2008. |
||
| 300 |
_a55 გვ. ; _b19 სმ. |
||
| 653 | _aრკინაბეტონის და ქვის კონსტრუქციები. | ||
| 942 |
_cBK _2udc |
||